National journal
| Título anterior: | National journal reports |
|---|---|
| Autores Corporativos: | , |
| Formato: | Electrónico Revista |
| Lenguaje: | inglés |
| Publicado: |
[Washington, D.C.] :
Government Research Corp.
[Washington, D.C.] : National Journal, Inc. Washington, D.C. : National Journal Group |
| Materias: | |
| Acceso en línea: | Full text available from Research Library: 01/01/1994 to 12/05/2015 |
MARC
| LEADER | 00000nas a2200000 a 4500 | ||
|---|---|---|---|
| 001 | ssj0006467 | ||
| 003 | WaSeSS | ||
| 005 | 20200512172242.0 | ||
| 006 | m d | ||
| 007 | cr n | ||
| 008 | 991113d19752015dcuwr pss 0 a0eng c | ||
| 010 | |a 2008212284 | ||
| 016 | 7 | |a 012416600 |2 Uk | |
| 022 | |a 1943-4553 |l 0360-4217 |y 0360-4217 | ||
| 035 | |a (WaSeSS)ssj0006467 | ||
| 040 | |a UV$ |b eng |e pn |c UV$ |d RCE |d UV0 |d DLC |d NSD |d LGG |d OCLCE |d CO3 |d UKMGB |d OCL |d DLC |d CUS |d UBF |d Z5A |d OCLCF |d CUD |d CUS |d OCLCQ |d OCL |d VT2 |d DLC |d YLS |d ZAC |d OCLCA |d U3W |d WYU |d WaSeSS | ||
| 042 | |a nsdp |a pcc |a dlr | ||
| 043 | |a n-us--- | ||
| 050 | 1 | 4 | |a JK1 |b .N28 |
| 082 | 0 | |a 320.9/73/092 | |
| 222 | 0 | |a National journal |b (1975. Online) | |
| 245 | 0 | 0 | |a National journal |h [electronic resource]. |
| 246 | 1 | 3 | |a NJ |
| 260 | |3 Aug. 23, 1975- : |a [Washington, D.C.] : |b Government Research Corp. | ||
| 260 | 2 | |3 Oct. 29, 1988- : |a [Washington, D.C.] : |b National Journal, Inc. | |
| 260 | 3 | |a Washington, D.C. : |b National Journal Group | |
| 310 | |a Weekly (except last week in Aug., last week in Nov., and last week in Dec.), |b Jan. 3, 1998- | ||
| 321 | |a Weekly, |b Aug. 23, 1975- | ||
| 321 | |a Weekly (except for year-end double issue) | ||
| 321 | |a Weekly (except last week in Aug. and last week in Dec.), |b <Aug. 14, 1982>-Dec. 20, 1997 | ||
| 362 | 0 | |a V. 7, no. 34- v. 47, no. 50/52 ; Aug. 23, 1975-Dec. 12, 2015. | |
| 506 | |a License restrictions may limit access. | ||
| 525 | |a Has occasional supplement: Hill people. | ||
| 538 | |a Mode of access: World Wide Web. | ||
| 538 | |a Master and use copy. Digital master created according to Benchmark for Faithful Digital Reproductions of Monographs and Serials, Version 1. Digital Library Federation, December 2002. |u http://purl.oclc.org/DLF/benchrepro0212 |5 MiAaHDL | ||
| 580 | |a Issued with: Capital source, <Dec. 20, 1997-> | ||
| 583 | 1 | |a digitized |c 2010 |h HathiTrust Digital Library |l committed to preserve |2 pda |5 MiAaHDL | |
| 588 | |a Description based on print version record. | ||
| 588 | |a Latest issue consulted: Dec. 12, 2015 (publisher's Web site, viewed April 4, 2016). | ||
| 610 | 1 | 0 | |a United States. |b Congress |x Voting |v Periodicals. |
| 610 | 1 | 6 | |a États-Unis. |b Congress |x Vote |v Périodiques. |
| 610 | 1 | 7 | |a United States. |b Congress. |2 fast |0 (OCoLC)fst00529490 |
| 648 | 7 | |a 1900-1999 |2 fast | |
| 650 | 0 | |a Legislation |z United States |v Periodicals. | |
| 650 | 6 | |a Droit |z États-Unis |v Périodiques. | |
| 650 | 7 | |a Legislation. |2 fast |0 (OCoLC)fst00995636 | |
| 650 | 7 | |a Politics and government |2 fast |0 (OCoLC)fst01919741 | |
| 650 | 7 | |a Voting registers. |2 fast |0 (OCoLC)fst01169261 | |
| 651 | 0 | |a United States |x Politics and government |y 20th century |v Periodicals. | |
| 651 | 6 | |a États-Unis |x Politique et gouvernement |y 1977-1981 |v Périodiques. | |
| 651 | 7 | |a United States. |2 fast |0 (OCoLC)fst01204155 | |
| 655 | 0 | |a Electronic journals. | |
| 710 | 2 | |a National Journal, Inc. | |
| 710 | 2 | |a Government Research Corporation. | |
| 740 | 0 | |a Hill people. | |
| 776 | 0 | 8 | |i Microfiche version: |t National journal |w (OCoLC)19500676 |
| 776 | 0 | 8 | |i Microfiche version: |t National journal |w (OCoLC)6934089 |
| 776 | 0 | 8 | |i Microfilm version: |t National journal |w (OCoLC)12657774 |
| 776 | 0 | 8 | |i Microfilm version: |t National journal |w (OCoLC)5670435 |
| 776 | 0 | 8 | |i Print version: |t National journal |x 0360-4217 |w (DLC) 75648237 |w (OCoLC)2244202 |
| 777 | 1 | |t Capital source |w (OCoLC)607485885 | |
| 780 | 0 | 0 | |t National journal reports |w (OCoLC)563557699 |
| 856 | 4 | 0 | |z Full text available from Research Library: 01/01/1994 to 12/05/2015 |u https://search.proquest.com/publication/48324 |